Evidence-based practice in nursing & healthcare : (Record no. 19195)
[ view plain ]
| 000 -LEADER | |
|---|---|
| fixed length control field | 01234cam a22003258a 4500 |
| 001 - CONTROL NUMBER | |
| control field | 016891088 |
| 003 - CONTROL NUMBER IDENTIFIER | |
| control field | OSt |
| 005 - DATE AND TIME OF LATEST TRANSACTION | |
| control field | 20150419135053.0 |
| 008 - FIXED-LENGTH DATA ELEMENTS--GENERAL INFORMATION | |
| fixed length control field | 141006t2015 paua frbd 001 0 eng d |
| 020 ## - INTERNATIONAL STANDARD BOOK NUMBER | |
| International Standard Book Number | 9781469855738 (pbk.) |
| 020 ## - INTERNATIONAL STANDARD BOOK NUMBER | |
| International Standard Book Number | 1469855739 |
| 040 ## - CATALOGING SOURCE | |
| Original cataloging agency | StDuBDS |
| Transcribing agency | StDuBDS |
| Modifying agency | EG-ScBUE |
| 082 00 - DEWEY DECIMAL CLASSIFICATION NUMBER | |
| Classification number | 610.73 |
| Edition number | 22 |
| Item number | MEL |
| 100 1# - MAIN ENTRY--PERSONAL NAME | |
| Personal name | Melnyk, Bernadette Mazurek. |
| 9 (RLIN) | 37651 |
| 245 10 - TITLE STATEMENT | |
| Title | Evidence-based practice in nursing & healthcare : |
| Remainder of title | a guide to best practice / |
| Statement of responsibility, etc | Bernadette Mazurek Melnyk, Ellen Fineout-Overholt. |
| 246 3# - VARYING FORM OF TITLE | |
| Title proper/short title | Evidence-based practice in nursing and healthcare |
| 250 ## - EDITION STATEMENT | |
| Edition statement | 3rd ed., International ed. |
| 260 ## - PUBLICATION, DISTRIBUTION, ETC. (IMPRINT) | |
| Place of publication, distribution, etc | Philadelphia : |
| Name of publisher, distributor, etc | Wolters Kluwer / Lippincott Williams & Wilkins, |
| Date of publication, distribution, etc | c.2015. |
| 300 ## - PHYSICAL DESCRIPTION | |
| Extent | xxvi, 625 p. : |
| Other physical details | ill. (col.) ; |
| Dimensions | 26 cm. |
| 500 ## - GENERAL NOTE | |
| General note | Previous edition: Philadelphia, Pa. : Wolters Kluwer/Lippincott Williams & Wilkins, 2011. |
| 500 ## - GENERAL NOTE | |
| General note | Glossary : p. 601-612. |
| 500 ## - GENERAL NOTE | |
| General note | Index : p. 613-625. |
| 504 ## - BIBLIOGRAPHY, ETC. NOTE | |
| Bibliography, etc | Includes bibliographical references. |
| 650 #0 - SUBJECT ADDED ENTRY--TOPICAL TERM | |
| Topical term or geographic name as entry element | Evidence-based nursing. |
| 9 (RLIN) | 27247 |
| 650 #0 - SUBJECT ADDED ENTRY--TOPICAL TERM | |
| Topical term or geographic name as entry element | Nursing |
| General subdivision | Practice. |
| 9 (RLIN) | 8262 |
| 653 ## - INDEX TERM--UNCONTROLLED | |
| Resource For college | Nursing |
| Arrived date list | April2015 |
| 655 ## - INDEX TERM--GENRE/FORM | |
| Form subdivision | |
| -- | 34232 |
| 700 1# - ADDED ENTRY--PERSONAL NAME | |
| Personal name | Fineout-Overholt, Ellen. |
| 9 (RLIN) | 37652 |
| 942 ## - ADDED ENTRY ELEMENTS (KOHA) | |
| Source of classification or shelving scheme | Dewey Decimal Classification |
| Call number prefix | 610.73 MEL |
| Withdrawn status | Item status | Source of classification or shelving scheme | Damaged status | Not for loan | Vendor | Home library | Current library | Shelving location | Date acquired | Source of acquisition | Cost, normal purchase price | Serial Enumeration / chronology | Total Checkouts | Total Renewals | Full call number | Barcode | Date last seen | Date last borrowed | Cost, replacement price | Koha item type |
|---|---|---|---|---|---|---|---|---|---|---|---|---|---|---|---|---|---|---|---|---|
| Dewey Decimal Classification | ايمك | Central Library | Central Library | First floor | 19/04/2015 | 427.00 | 2446 | 1 | 3 | 610.73 MEL | 000038021 | 15/07/2025 | 27/11/2024 | 533.75 | Book - Borrowing | |||||
| Dewey Decimal Classification | ايمك | Central Library | Central Library | First floor | 19/04/2015 | 427.00 | 2446 | 2 | 29 | 610.73 MEL | 000038022 | 16/07/2025 | 13/10/2024 | 533.75 | Book - Borrowing |